Central Library OPAC University of Rajshahi

Russia in my life / (Record no. 26738)

MARC details
000 -LEADER
fixed length control field 00634nam a22002411 4500
001 - CONTROL NUMBER
control field 26738
003 - CONTROL NUMBER IDENTIFIER
rucl marc code BD-RjUL
005 - DATE AND TIME OF LATEST TRANSACTION
control field 20211209051048.0
008 - FIXED-LENGTH DATA ELEMENTS--GENERAL INFORMATION
fixed length control field 140323t19631962nyua 000 0 eng
035 ## - SYSTEM CONTROL NUMBER
System control number (BD-RjUL)26809
System control number (OCoLC)1355038
040 ## - CATALOGING SOURCE
Original cataloging agency DLC
Transcribing agency FO
Modifying agency BD-RjUL
Language of cataloging eng
041 ## - LANGUAGE CODE
Language code of text/sound track or separate title eng
082 ## - DEWEY DECIMAL CLASSIFICATION NUMBER
Classification number 947.085
Author mark and year WHR 1963
100 1# - MAIN ENTRY--PERSONAL NAME
Personal name Whitney, Thomas P.
9 (RLIN) 82170
245 10 - TITLE STATEMENT
Title Russia in my life /
Statement of responsibility, etc. Thomas P Whitney
260 ## - PUBLICATION, DISTRIBUTION, ETC. (IMPRINT)
Place of publication, distribution, etc. New York :
Name of publisher, distributor, etc. Reynal,
Date of publication, distribution, etc. c1962 [1963].
300 ## - PHYSICAL DESCRIPTION
Pagination 312 p. :
Illustrations illus. ;
Size 22 cm.
651 #0 - SUBJECT ADDED ENTRY--GEOGRAPHIC NAME
Geographic name Soviet Union.
9 (RLIN) 82171
942 ## - ADDED ENTRY ELEMENTS (KOHA)
Source of classification or shelving scheme Dewey Decimal Classification
Koha item type Books
Holdings
Lost status Source of classification or shelving scheme Damaged status Not for loan Collection code Permanent Location Current Location Shelving location Date acquired Source of acquisition Cost, normal purchase price Total Checkouts Full call number Date last seen Copy number Koha item type
  Dewey Decimal Classification   Added to bundle Non-fiction Central Library, University of Rajshahi Central Library, University of Rajshahi Reading Room 21/05/1964 Thomas & Thomas 22.50   947.085 WHR 1963 23/03/2014 C-1 Books